000 00726nam a2200289Ia 4500
005 20260324122956.0
008 008 260324s9999 xx 000 0 eng d
020 _a9781315698571
037 _aEBOOK
040 _aCRL
040 _beng
040 _cCRL
041 _2eng
041 _aeng
084 _qCRL
100 _aSebastien Peyrouse
_91168552
245 0 _aTurkmenistan: Strategies of Power, Dilemmas of Development
245 0 _bStrategies of Power, Dilemmas of Development
260 _bTaylor and Francis
260 _c2012
365 _a
365 _b255
856 _uhttp://www.taylorfrancis.com/books/9781315698571
942 _cEBOOK
999 _c1761664
_d1761664